Mobile agents : Basic concepts, mobility models, and the tracy toolkit

Uloženo v:
Podrobná bibliografie
Hlavní autor: Braun, Peter
Médium: Kniha
Jazyk:Undetermined
Vydáno: London Elsevier 2005
Témata:
Tagy: Přidat tag
Žádné tagy, Buďte první, kdo otaguje tento záznam!
Thư viện lưu trữ: Trung tâm Học liệu Trường Đại học Cần Thơ
LEADER 00554nam a2200205Ia 4500
001 CTU_94114
008 210402s9999 xx 000 0 und d
020 |c 48.95 
082 |a 006.3 
082 |b B825 
100 |a Braun, Peter 
245 0 |a Mobile agents : 
245 0 |b Basic concepts, mobility models, and the tracy toolkit 
245 0 |c Peter Braun 
260 |a London 
260 |b Elsevier 
260 |c 2005 
650 |a Mobile agents (Computer software) 
904 |i Tuyến 
980 |a Trung tâm Học liệu Trường Đại học Cần Thơ